El protestantismo en México : hechos, interrogantes y retos /

Estudio sobre la presencia de grupos protestantes en México, la distinción entre protestantismo histórico y sectarismo, sus postulados doctrinales y propósitos fundamentales.

Na minha lista:
Detalhes bibliográficos
Autor principal: Amatulli Valente, Flaviano (autor)
Formato: Livro
Idioma:espanhol
Assuntos:
Tags: Adicionar Tag
Sem tags, seja o primeiro a adicionar uma tag!

MARC

LEADER 00000nam^a2200000^a^4500
001 000260318
005 20250521000000.0
009 20260310110432.787
037 |a Acervo Xavier Clavigero 
041 |a ESP 
082 |a 280. 4  |b AMA 
100 |a Amatulli Valente, Flaviano  |e (autor) 
245 1 3 |a El protestantismo en México :  |b hechos, interrogantes y retos /  |c F. Amatulli Valente. 
264 |a México :  |b Apóstoles de la Palabra,  |c fecha no identificada 
300 |a 69 p. 
336 |a texto  |b txt  |2 rdacontenido 
337 |a sin mediación  |b n  |2 rdamedio 
338 |a volumen  |b nc  |2 rdasoporte 
520 |a Estudio sobre la presencia de grupos protestantes en México, la distinción entre protestantismo histórico y sectarismo, sus postulados doctrinales y propósitos fundamentales. 
649 |a XX 
650 |a Protestantismo -  |z México 
650 |a Sectas -  |z México 
650 |a Iglesias de Raíz Cristiana en México 
650 |a Iglesia Católica en México 
650 |a Cristianismo -  |z México 
650 |a Religión -  |z México 
910 |a Fondo General 
920 |a Impresos - Libros 
930 |a Colección General 
905 |a 101 
901 |a 0500126497  |b IT1  |c ACC  |i D FXC 703  |u 20250521 
902 |a https://opac.biblio.iteso.mx/vufind/Record/000260318